Classement UEFA des clubs. - Statistiques

Statistiques générales
  • Ce quiz a été pris 318 fois
  • Le résultat moyen est 15 sur 20
Statistiques - réponses
Points
UEFA
Clubs Titres
Européens
% Correct
547 Real Madrid 7 Champions League
99%
531 Barcelone 4 Champions League
95%
534 Bayern 3 Champions League
95%
305 Manchester City 1 Champions League
93%
449 Manchester United 1 Champions League1 Europa League
92%
400 Liverpool 2 Champions League1 Europa League
91%
439 Chelsea 2 Champions League2 Europa League
90%
331 PSG Aucun
90%
332 Inter 1 Champions League
89%
397 Arsenal Aucun
80%
320 Seville 7 Europa League
80%
319 Atletico 3 Europa League
79%
376 Juventus Aucun
79%
319 Milan 2 Champions League
79%
373 Porto 1 Champions League2 Europa League
66%
318 Benfica Aucun
60%
303 Roma 1 Conference League
54%
318 Lyon Aucun
49%
284 Valence 1 Europa League
36%
279 Shakhtar 1 Europa League
3%
Aucun quiz correspondant
Distribution des résultats
% des personnes avec chaque résultat
Percentile par nombre de réponses
Votre historique - résultats
Vous n’avez pas pris ce quiz